A Quiz About Nothing - Statistics

General Stats
  • This quiz has been taken 17,153 times
    17,118 since last reset
  • The average score is 9 of 16
Answer Stats
Hint Answer % Correct
Playwright who wrote "Much Ado About Nothing" William Shakespeare
82%
Spanish word for nothing Nada
81%
Term for a completely empty region of space Vacuum
72%
Insubstantial romantic words, often whispered {Sweet} nothings
69%
Tile in Scrabble that has nothing on it Blank
63%
Another way of swaying "swish", in basketball Nothing but {net}
63%
Greek philosopher who thought the above was impossible Aristotle
59%
Country in which zero was first used as a written digit in a decimal system India
55%
Heavy metal band that performed "Nothing Else Matters" Metallica
54%
Person who said "we have nothing to fear, except fear itself" Franklin D. Roosevelt
53%
1990s sitcom described as a "show about nothing" Seinfeld
53%
What a compulsive gambler says after he loses {Double} or nothing
52%
Creed that believes in nothing {Nihil}ism
52%
Singer who performed the 1990 song "Nothing Compares 2 U" Sinead O'Connor
46%
"Bupkis" is a slang word that means nothing. What language does thisword come from originally? Yiddish
37%
French existentialist who wrote "Being And Nothingness" Jean-Paul Sartre
28%
No matching quizzes found
Score Distribution
Percent of People with Each Score
Percentile by Number Answered
Your Score History
You have not taken this quiz since the last reset